Zemplénvármegye történeti földrajza. 36

Začiatok série monografií o 4512 obciach Zemplínskej župy. Prvou obcou je Oborín. Zemepisno-historické a administratívno-správe údaje. Prvá zmienak o obci z roku 1278. Pripúšťa sa slovenský pôvod názvu od javora, javoriny.

Podrobná bibliografia
Hlavný autor: Dongó Gy., Géza (Author)
Médium: Článok
Jazyk:Hungarian
Témy:
Zdroj: 1. Adalékok Zemplénvármegye Tötrénetéhez : Társadalmi hetilap 1. Roč. 7, č. 9 (1901) s. 259-263
LEADER 01110nab#a2200313#ar4500
001 000076941
003 SVKKK
005 20060717xxxxxxx.
008 06 c xo huno
FMT
038 |a SVKKK 
040 |a SVKKK  |b slo  |e AACR2 
041 0 |a hun 
044 |a xo  |c SK 
080 |a 914 
080 |a 930 
100 1 |a Dongó Gy., Géza  |4 aut 
242 1 0 |a Historický zemepis Zemplínskej župy. 36 
245 1 0 |a Zemplénvármegye történeti földrajza. 36  |c Géza Dongó Gy. 
520 2 |a Začiatok série monografií o 4512 obciach Zemplínskej župy. Prvou obcou je Oborín. Zemepisno-historické a administratívno-správe údaje. Prvá zmienak o obci z roku 1278. Pripúšťa sa slovenský pôvod názvu od javora, javoriny. 
650 0 4 |a zemepis historický - Zemplínska župa - Oborín (obec) - zmienka 1. - rok 1278 - archiválie 
773 0 |t Adalékok Zemplénvármegye Tötrénetéhez : Társadalmi hetilap  |g Roč. 7, č. 9 (1901) s. 259-263 
957 |a Oborín 
958 |a DG 
958 |a SK 
974 |a Ba  |d 20060717 
992 |a RBX 
BAS
998 |a RETRO